FC Séville - Tous les joueurs (2010-2020) - Statistiques

Statistiques générales
  • Ce quiz a été pris 231 fois
  • Le résultat moyen est 23 sur 156
Statistiques - réponses
Saisons Nationalité Joueur Nb de matchs % Correct
2010-2014 Croatie Ivan Rakitic 117
86%
2010-2013, 2017-2020 Espagne Jesus Navas 185
81%
2019-2020 France Jules Koundé 29
70%
2019-2020 Argentine Lucas Ocampos 33
66%
2016-2019 France Wissam Ben Yedder 91
56%
2019-2020 Maroc Yassine Bounou 6
54%
2014-2016, 2017-2020 Argentine Ever Banega 155
50%
2018-2020 Espagne Sergi Gomez 45
50%
2013-2016 France Kévin Gameiro 92
46%
2019-2020 Brésil Diego Carlos 35
45%
2015-2018 France Steven Nzonzi 90
42%
2015-2017 France Adil Rami 49
41%
2019-2020 Brésil Fernando 34
38%
2010-2011 Espagne José Carlos 6
38%
2018-2020 Maroc Munir 37
38%
2016-2017 Monténégro Stevan Jovetic 21
36%
2019-2020 Maroc Youssef En-Nesyri 18
36%
2012-2014 Centrafrique Geoffrey Kondogbia 33
34%
2019-2020 Pays-Bas Luuk de Jong 35
34%
2019-2020 Espagne Oliver Torres 28
34%
2014-2016 France Benoît Trémoulinas 44
33%
2010-2012 France Julien Escudé 52
33%
2014-2015, 2018-2019 Espagne Aleix Vidal 42
32%
2018-2020 Tchéquie Tomas Vaclik 66
31%
2016-2018 France Clément Lenglet 52
30%
2014-2018 Espagne Sergio Rico 114
30%
2019-2020 Espagne Suso 17
30%
2018-2019 Portugal André Silva 27
29%
2014-2016 Pologne Grzegorz Krychowiak 58
27%
2015-2020 Espagne Sergio Escudero 100
27%
2019-2020 Espagne Joan Jordan 34
26%
2015-2016 Espagne Curro Sanchez 4
25%
2012-2013 Espagne Diego Lopez 8
25%
2016-2020 Argentine Franco Vazquez 125
25%
2019-2020 Mexique Javier Hernandez 9
25%
2017-2020 Espagne Nolito 49
25%
2010-2011 Espagne Sergio Sanchez 7
25%
2017-2019 Danemark Simon Kjaer 46
25%
2013-2015 Colombie Carlos Bacca 72
22%
2016-2019 Espagne Pablo Sarabia 101
22%
2010-2011 Espagne Rodri 5
22%
2016-2017 France Samir Nasri 23
22%
2013-2017 Espagne Vitolo 115
22%
2019-2020 Portugal Rony Lopes 5
21%
2013-2018 Espagne Carlos Fernandez 11
20%
2010-2012 Mali Frédéric Kanouté 54
20%
2016-2019 Argentine Gabriel Mercado 78
20%
2018-2019 France Joris Gnagnon 7
20%
2011-2012 Espagne Deivid Rodriguez 5
19%
2011-2016 Espagne José Antonio Reyes 109
19%
2019-2020 Serbie Nemanja Gudelj 24
18%
2010-2013 Espagne Alvaro Negredo 104
17%
2017-2019 Colombie Luis Muriel 35
17%
2015-2016 Espagne Fernando Llorente 23
16%
2010-2013 Chili Gary Medel 78
16%
2015-2017 Brésil Mariano 54
16%
2015-2016 Ukraine Yevhen Konoplyanka 32
16%
2015-2016 Italie Ciro Immobile 8
14%
2011-2016 Espagne Coke 117
13%
2014-2015 Espagne Denis Suarez 31
13%
2015-2017 Espagne Diego Gonzalez 5
13%
2016-2018 Argentine Joaquin Correa 47
13%
2015-2018 Danemark Michael Krohn-Dehli 42
13%
2017-2018 France Sébastien Corchia 12
13%
2019-2020 Espagne Sergio Reguilon 31
13%
2013-2017 Espagne Vicente Iborra 113
13%
2010-2014 Argentine Federico Fazio 100
11%
2018-2019 France Maxime Gonalons 10
11%
2014-2020 Portugal Daniel Carriço 111
10%
2018-2019 France Ibrahim Amadou 17
10%
2018-2019 Espagne Javi Diaz 1
10%
2016-2017 Argentine Luciano Vietto 21
10%
2019-2020 Israël Mu'nas Dabbur 2
10%
2013-2015 Cameroun Stéphane Mbia 43
10%
2011-2014 Espagne Alberto Moreno 45
9%
2012-2016 Portugal Beto 69
9%
2014-2017 France Timothée Kolodziejczak 52
9%
2013-2014 Russie Denis Cheryshev 4
8%
2010-2012 Uruguay Martin Caceres 39
8%
2013-2018 Argentine Nicolas Pareja 85
8%
2018-2019 Pays-Bas Quincy Promes 33
8%
2016-2018 Argentine Walter Montoya 5
8%
2018-2020 Espagne Bryan Gil 13
7%
2010-2011 Brésil Luis Fabiano 21
7%
2017-2018 Espagne Sandro Ramirez 13
7%
2015-2016 Rép. dém. du Congo Gaël Kakuta 2
6%
2016-2018 Brésil Ganso 18
6%
2014-2015 Espagne Gerard Deulofeu 17
6%
2014-2015 Espagne Iago Aspas 16
6%
2011-2013 Espagne Manu del Moral 56
6%
2013-2014 Allemagne Marko Marin 18
6%
2010-2013 Espagne Andrés Palop 48
5%
2010-2011 Côte d'Ivoire Didier Zokora 23
5%
2011-2013 Bosnie-Herzégovine Emir Spahic 44
5%
2017-2019 Brésil Guilherme Arana 12
5%
2010-2012 Espagne Luis Alberto 7
5%
2017-2018 Mexique Miguel Layun 16
5%
2010-2011 Côte d'Ivoire Romaric 26
5%
2010-2011 Côte d'Ivoire Arouna Koné 1
4%
2011-2013 Sénégal Baba Diawara 30
4%
2016-2018 Espagne David Soria 16
4%
2010-2014 Argentine Diego Perotti 75
4%
2010-2015 Espagne Fernando Navarro 143
4%
2017-2018 Espagne José Alonso 1
4%
2011-2013 Espagne José Campana 20
4%
2014-2016 Espagne Juan Munoz 9
4%
2018-2019 Croatie Marko Rog 10
4%
2016-2017 Argentine Matias Kranevitter 21
4%
2011-2014 Allemagne Piotr Trochowski 59
4%
2017-2019 Espagne Roque Mesa 38
4%
2014-2015 Espagne Alejandro Arribas 11
3%
2019-2020 Espagne Alejandro Pozo 3
3%
2013-2014, 2015-2016 Espagne Antonio Cotan 3
3%
2017-2019 Espagne Borja Lasso 7
3%
2011-2014 Espagne Cala 27
3%
2012-2015 Brésil Cicinho 19
3%
2013-2016 Portugal Diogo Figueiras 50
3%
2017-2018 Argentine Guido Pizarro 24
3%
2012-2013 Pays-Bas Hedwiges Maduro 26
3%
2016-2017 Japon Hiroshi Kiyotake 4
3%
2013-2014 Espagne Jairo Samperio 25
3%
2010-2012, 2013-2014 Espagne Javi Varas 52
3%
2017-2018 Allemagne Johannes Geis 14
3%
2017-2018 France Lionel Carole 6
3%
2018-2019 Autriche Maximilian Wöber 7
3%
2010-2011 France Mouhamadou Dabo 24
3%
2016-2017 Italie Salvatore Sirigu 2
3%
2013-2016 Uruguay Sebastian Cristoforo 33
3%
2010-2012 Italie Tiberio Guarente 10
3%
2010-2011 France Abdoulay Konko 11
2%
2012-2013 Espagne Alberto Botia 18
2%
2010-2011 Espagne Alejandro Alfaro 20
2%
2010-2013 Espagne Antonio Luna 20
2%
2010-2011 Colombie Bernardo Espinosa 1
2%
2015-2016 Espagne David Carmona 1
2%
2010-2011 Espagne Diego Capel 27
2%
2010-2011 Serbie Ivica Dragutinovic 2
2%
2012-2013 Espagne Javier Hervas 9
2%
2015-2016 Espagne José Matos 1
2%
2018-2019 Espagne Juan Soriano 4
2%
2012-2013 Espagne Julian Cuesta 1
2%
2010-2011 Argentine Lautaro Acosta 10
2%
2015-2016 Italie Marco Andreolli 7
2%
2014-2015 Argentine Mariano Barbosa 2
2%
2012-2013 Bosnie-Herzégovine Miroslav Stevanovic 7
2%
2010-2012 Espagne Alexis 22
1%
2012-2013 Espagne Alex Rubio 2
1%
2012-2014 Chili Bryan Rabello 9
1%
2011-2012 Argentine Emiliano Armenteros 13
1%
2011-2012 Japon Hiroshi Ibusuki 1
1%
2012-2014 Espagne Israel Puerto 5
1%
2010-2011 Italie Luca Cigarini 6
1%
2014-2015 Espagne Luismi 1
1%
2013-2014 Espagne Moi 2
1%
2013-2014 Roumanie Raul Rusescu 1
1%
2010-2011 Brésil Renato 24
1%
Aucun quiz correspondant
Distribution des résultats
% des personnes avec chaque résultat
Percentile par nombre de réponses
Votre historique - résultats
Vous n’avez pas pris ce quiz